Fragen aus der Wissenschaft - Buchstabe S (ohne SCH) - Statistiken

Allgemein
  • Dieses Quiz wurde 126 mal gespielt
  • Das Durchschnittsergebnis liegt bei 9 aus 20
Antwortstatistiken
QqHinweis Antwort % Korrekt
Ergebnis einer Addition Summe
98%
Massereicher, selbstleuchtender Himmelskörper Stern
95%
Physikalische Basiseinheit der Zeit Sekunde
92%
Antiker griechischer Philosoph Sokrates
78%
Zusammenleben verschiedener Arten zum gegenseitigen Nutzen Symbiose
71%
Zeichen, das auf eine Erkrankung oder Verletzung hinweist Symptom
70%
Lehre von Erdbeben und der Ausbreitung der Wellen Seismologie
60%
Elektrisches Potenzial zwischen zwei Punkten Spannung
59%
Lehre von den Formen des Zusammenlebens der Menschen Soziologie
54%
Verbindungsstelle zwischen zwei Zellen, die Reize weiterleitet Synapse
47%
Transport von elektrischen Ladungsträgern, z. B. Elektronen Strom
46%
Nachahmung der Funktionsweise eines realen Prozesses Simulation
37%
Wissenschaft von der chinesischen Sprache und Kultur Sinologie
33%
Französischer Philosoph und Existenzialist, „Das Sein und das Nichts“ Jean-Paul Sartre
25%
Chemischer Stoff, der Protonen abgeben kann Säure
17%
Lehre von Methoden zum Umgang mit großen Zahlenmengen Statistik
13%
Erdgeschichtliche Periode vor ca. 443 bis 419 Millionen Jahren Silur
11%
Natrium- bzw. Kalium-Salze von Fettsäuren Seife
8%
Niederländischer Mathematiker - Optisches Brechungsgesetz Snellius
4%
Niederländischer Philosoph des Rationalismus im 17. Jhd. Baruch de Spinoza
2%
Keine übereinstimmenden Quizze gefunden
Verteilung der Resultate
Anzahl Personen mit jedem Resultat
Perzentil nach korrekt beantworteten Fragen
Ihre Resultats-Entwicklung
Sie haben dieses Quiz noch nicht gespielt